Leader dell'Unione Sovietica - Statistics

Statistiche generali
  • Questo quiz è stato fatto 140 volte
  • Il punteggio medio è 5 su 8
Statistiche sulle risposte
Periodo Leader % Corretto
1924-1953 Iosif Stalin
99%
1917-1924 Vladimir Lenin
98%
1985-1991 Micail Gorbaciov
71%
1964-1982 Leonid Breznev
55%
1953-1964 Nikita Chruscev
49%
1982-1984 Jurij Andropov
38%
1984-1985 Konstantin Cernenko
22%
1953 Georgij Malenkov
19%
Nessun quiz corrispondente trovato
Distribuzione punteggi
Percentuale di utenti per punteggio
Percentile per numero di risposta
I tuoi punteggi nel tempo
Non hai fatto questo quiz